000 00568cam a22002053a 4500
001 41859
003 PGUSA
005 20140828083938.0
008 130117s2013||||xxu|||||s|||||000 | eng d
040 _aPGUSA
_beng
042 _adc
100 1 _aTracy, Louis,
_d1863-1928
245 1 4 _aThe Terms of Surrender
_h[electronic resource] /
_cLouis Tracy
260 _bProject Gutenberg,
_c2013
506 _aPublic domain in the USA.
516 _aElectronic text
830 0 _aProject Gutenberg
_v41859
856 4 0 _uhttp://www.gutenberg.org/ebooks/41859
942 _cEB
999 _c271111
_d271111